1271 1369 1605 1702 1139 1204 1583 1240 1785 1189 1085 1135 1066 1011 1701 1462 1726 1670 1113 1502 1473 1003 1714 1105 1811 1953 1586 1727 1028 1916 1618 1700 1209 1674 1742 1575 1883 1271 1823 1094 1671 1528 1133 1911 1993 1890 1204 1955 1961 1736 1805 1918 1889 1283 1566 1344 1423 1495 1127 1719 1231 1731 1199 1850 1314 1862 1896 1807 1969 1495 1466 1771 1711 1447 1671 1959 1774 1338 1375 1132 1773 1809 1774 1453 1704 1276 1787 1060 1313 1336 1673 1886 1984 1420 1412 1047 1547 1854 1470 BCNSPRNW ULIB Ver.6.0+V

เปลี่ยนเป็นภาษาไทย

Change to English
 แสดงรายละเอียดบรรณานุกรม
  กลับหน้าหลัก

Brief Record : Get Marc (ISO 2709) : E-mail record : QR code < ปิดหน้าต่าง
LEADER : 00000nam 2200000uu 4500
001    13399110666
003     ULIB
008    110607s2552||||th 000 0 tha d
020    9786165510028
060 04 WS100^bก383ค 2552
245 00 คู่มือหัตถการในเด็ก /^cบรรณาธิการ, กัญญา ศุภปิติพร,จิตลัดดา ดีโรจนวงศ์
260    [กรุงเทพฯ] :^bภาควิชากุมารเวชศาสตร์ คณะแพทยศาสตร์จุฬาลงกรณ์มหาวิทยาลัย,^c2552
300    viii, 236 หน้า :^bภาพประกอบ ;^c19 ซม.
650  7 การรักษาโรค^xในวัยทารกและเด็ก
650  7 เด็ก, โรค
700 0  กัญญา ศุภปิติพร,^eบรรณาธิการ
700 0  จิตลัดดา ดีโรจนวงศ์,^eบรรณาธิการ
710 2  จุฬาลงกรณ์มหาวิทยาลัย. ^bคณะแพทยศาสตร์.^bภาควิชากุมารเวชศาสตร์
945    ^p0^l0^i027000
945    ^p0^l0^i026998
945    ^p0^l0^i026299
945    ^p0^l0^i026999
945    ^p0^l0^i026300
945    ^p0^l0^i026298
995    ทศพร
999 ^a ใช้งานได้ทุกระบบ
รายการนี้ยังไม่มีแท็ก
คุณยังไม่ได้ล็อกอิน คุณสามารถมีกิจกรรมร่วมกับเว็บไซต์ได้ แต่ต้องล็อกอินก่อน ::
  ล็อกอิน

รายการสื่อสารสนเทศ

ลำดับที่ ประเภท เลขเรียก/บาร์โค้ด สถานที่ สถานะ
- ไม่พบข้อมูล -

รายการใกล้เคียง
    หัวเรื่อง [เด็ก, โรค]

BibComment


ยังไม่เคยถูกคอมเมนท์

คอมเมนท์ทรัพยากรรายการนี้
  คอมเมนท์: คู่มือหัตถการในเด..


 Copyright 2026. Bcnsprnw @Library